Drapeaux des länders allemands - Statistiques

Statistiques générales
  • Ce quiz a été pris 206 fois
  • Le résultat moyen est 8 sur 16
Statistiques - réponses
Par images Réponse % Correct
Bavière
83%
Berlin
83%
Saxe
69%
Hambourg
67%
Sarre
57%
Brême
52%
Saxe-Anhalt
50%
Brandebourg
48%
Bade-Wurtemberg
46%
Basse-Saxe
46%
Thuringe
46%
Hesse
43%
Rhénanie-Palatinat
43%
Rhénanie-du-Nord-Westphalie
31%
Schleswig-Holstein
31%
Mecklembourg-Poméranie-Occidentale
22%
Aucun quiz correspondant
Distribution des résultats
% des personnes avec chaque résultat
Percentile par nombre de réponses
Votre historique - résultats
Vous n’avez pas pris ce quiz